000 00201 a2200097 4500
001 42199
100 _aBarker L M
245 _aPears Cyclopedia
260 _a
_bA & F Pears
_c
090 _c26183
_d26183
942 _aNUST-CAE
_cM
_c17984
999 _c277272
_d277272